000
00306nam a2200121Ia 4500
005
20251222175928.0
008
251222s9999||||xx |||||||||||||| ||spa||
020
_a
844811647X
082
_a
330/E79
100
_a
Escribá Pérez, F. Javier
245
0
_a
Introducción Práctica a la Economía
942
_c
LIB
999
_c
40912
_d
40912